000 01311cam a2200325 i 4500
999 _c129622
_d129622
001 18008820
003 ARRUPE
005 20190521121958.0
008 140115s2014 nyu b 001 0 eng
010 _a 2013049915
020 _a9781107061095 (hardback : alk. paper)
020 _a9781107685680 (pbk. : alk. paper)
040 _aDLC
_beng
_erda
_cDLC
_dDLC
042 _apcc
050 0 0 _aBV4647.T7
_bT65 2014
082 0 0 _a241/.673
_223
100 1 _aTollefsen, Christopher.
_946456
245 1 0 _aLying and Christian ethics /
_cChristopher O. Tollefsen, university of South Carolina.
260 _aCambridge
_bCambridge University Press
_c2014
300 _axii, 209 p. ;
_c24 cm.
490 0 _aNew studies in Christian ethics ;
_v33
504 _aIncludes bibliographical references and index.
650 0 _aTruthfulness and falsehood
_xReligious aspects
_xChristianity.
_946457
650 0 _aChristian ethics.
_946458
650 0 _aTruthfulness and falsehood.
_943417
906 _a7
_bcbc
_corignew
_d1
_eecip
_f20
_gy-gencatlg
942 _2lcc
_cMONOGRAPH